North American Pro Sports Teams - Names with Double Letters - Statistics

General Stats
  • This quiz has been taken 241 times
    191 since last reset
  • The average score is 9 of 13
Answer Stats
League Double Leters Team % Correct
NBA Basketball ZZ Utah Jazz
85%
NFL Football LL Buffalo Bills
80%
NFL Football EE Pittsburgh Steelers
80%
NFL Football CC, EE Tampa Bay Buccaneers
78%
NBA Basketball PP Los Angeles Clippers
72%
NBA Basketball ZZ Memphis Grizzlies
72%
Major League Baseball EE New York Yankees
71%
NBA Basketball LL Chicago Bulls
69%
NBA Basketball GG Denver Nuggets
68%
NFL Football MM Washington Commanders
68%
Major League Baseball LL Philadelphia Phillies
61%
NBA Basketball RR Golden State Warriors
59%
NHL Hockey RR Carolina Hurricanes
48%
No matching quizzes found
Score Distribution
Percent of People with Each Score
Percentile by Number Answered
Your Score History
You have not taken this quiz since the last reset